Vista normal
Vista MARC
Entrada Personal Name
Número de registros utilizados en: 1
001 - CONTROL NUMBER
- control field: 17962
003 - CONTROL NUMBER IDENTIFIER
- control field: DLC
005 - DATE AND TIME OF LATEST TRANSACTION
- control field: 20260324160107.0
008 - FIXED-LENGTH DATA ELEMENTS
- fixed length control field: 020627n| azannaabn |n aaa c
010 ## - LIBRARY OF CONGRESS CONTROL NUMBER
- LC control number: no2002056001
035 ## - SYSTEM CONTROL NUMBER
- System control number: (OCoLC)oca05797211
040 ## - CATALOGING SOURCE
- Original cataloging agency: MiDU
- Language of cataloging: spa
- Description conventions: rda
- Transcribing agency: Mx-PuUPA
- Modifying agency: MiDU
- Modifying agency: DLC
- Modifying agency: Mx-PuUPA
100 1# - HEADING--PERSONAL NAME
- Personal name: Terry, Douglas A.,
374 ## - OCCUPATION
- Occupation: Autor
- Occupation: Profesor
375 ## - GENDER
- Gender: hombre
377 ## - ASSOCIATED LANGUAGE
- Language code: eng
670 ## - SOURCE DATA FOUND
- Source citation: Choices, alternatives & solutions in the treatment of #8, c2002:
- Information found: credits (Douglas Terry, DDS)
670 ## - SOURCE DATA FOUND
- Source citation: Dental aesthetics using composite resins, c2004:
- Information found: t.p (Douglas A. Terry, DDS)
670 ## - SOURCE DATA FOUND
- Source citation: Expressions of the soul exposed, 2015:
- Information found: E-CIP t.p. (Douglas A. Terry) galley (acclaimed dentist; photographer)
670 ## - SOURCE DATA FOUND
- Source citation: Author's dental practice web page, viewed April 14, 2015
- Information found: (Douglas Terry; Dr. Douglas A. Terry; D.D.S., 1978. U. Texas Health Science Center, Houston; assistant professor, Dept. of RRestorative Dentistry and Biomaterials, at University of Texas Health Science Center Dental Branch at Houston Texas; author, Natural aesthetics with composite resin; What's in your mouth?)